MANAGING DATABASE , FOUR CRITICAL FACTORS (Record no. 573990)

000 -LEADER
fixed length control field 00318nam a22001217a 4500
020 ## - INTERNATIONAL STANDARD BOOK NUMBER
International Standard Book Number 0-89435-103-6
082 ## - DEWEY DECIMAL CLASSIFICATION NUMBER
Classification number 005.74 GOR'M
100 ## - MAIN ENTRY--PERSONAL NAME
Personal name GORMAN, MICHAEL M
9 (RLIN) 36848
245 ## - TITLE STATEMENT
Title MANAGING DATABASE , FOUR CRITICAL FACTORS
260 ## - PUBLICATION, DISTRIBUTION, ETC.
Place of publication, distribution, etc. WELLESLEY
Name of publisher, distributor, etc. QED INFORMATION SCIENCES
Date of publication, distribution, etc. 1984
300 ## - PHYSICAL DESCRIPTION
Extent XII, 243P
942 ## - ADDED ENTRY ELEMENTS (KOHA)
Koha item type Book
Holdings
Withdrawn status Lost status Damaged status Not for loan Permanent Location Current Location Shelving location Date acquired Total Checkouts Full call number Barcode Date last seen Price effective from Koha item type
        College of Electrical & Mechanical Engineering (CEME) College of Electrical & Mechanical Engineering (CEME) General Stacks 07/28/2017   005.74 GOR'M CEME-26735 06/28/2021 06/28/2021 Book
© 2023 Central Library, National University of Sciences and Technology. All Rights Reserved.